Culture générale - Quiz #29 - Statistiques

Statistiques générales
  • Ce quiz a été pris 66 289 fois
  • Le résultat moyen est 12 sur 20
Statistiques - réponses
Question Réponse % Correct
Quelle est la température normale du corps humain (au degré près) ? 37 °C
96%
Complétez la phrase : "Dans la jungle, terrible jungle, le lion est ____ __ ____" Mort ce soir
96%
Quelle partie du lapin est supposée porter bonheur ? La patte
84%
Quel animal a pour nom scientifique Canis lupus familiaris ? Le chien
83%
Quel organe humain est composé d'oreillettes et de ventricules ? Le cœur
83%
Quel canal relie la mer Rouge à la Méditerrannée ? Le canal de Suez
79%
Quel document indique dans son article premier que "Tous les êtres humains naissent libres et égaux en dignité et en droits." ? La déclaration universelle des droits de l'homme
76%
Quel autre nom porte la sudation ? Transpiration
69%
Quel pays est composé de 26 cantons ? Suisse
67%
Quelle artiste chantait qu'elle voulait "Mourir sur scène" en 1983 ? Dalida
63%
Qui Vil Coyote tente-t-il désespérément d'attraper ? Bip-Bip
61%
Quel pays est aussi appelé "Myanmar" ? La Birmanie
60%
Quelle fête a lieu le dimanche qui suit la première pleine lune du printemps ? Pâques
54%
Qui est le père de Zeus dans la mythologie grecque ? Cronos
52%
De quel pays Anouar el-Sadate, assassiné en 1981 deux ans après avoir signé un traité de paix avec Israel, était-il à la tête ? L'Egypte
52%
Quelle est la capitale du Pays de Galles ? Cardiff
45%
Peter Pan vit à Neverland. Quel chanteur avait un ranch du même nom ? Michael Jackson
43%
Quel ancien marché a donné son nom à un quartier de Paris ? {Les} {Halles} de Paris
28%
Quelle université italienne est généralement reconnue comme étant la plus ancienne d'Europe ? Université de {Bologne}
27%
Quel scientifique conditionna des chiens à saliver au son d'une cloche ? Ivan Pavlov
25%
Aucun quiz correspondant
Distribution des résultats
% des personnes avec chaque résultat
Percentile par nombre de réponses
Votre historique - résultats
Vous n’avez pas pris ce quiz